ბათუმის შოთა რუსთაველის სახელმწიფო უნივერსიტეტის ბიბლიოთეკა

შემთხვევის ადგილის დათვალიერება : (ბიბ.ჩანაწერი № 48577)

000 -ლიდერი
ფიქსირებული სიგრძის საკონტროლო ველი 01219nam a2200229Ia 4500
001 - საკონტროლო ნომერი
საკონტროლო ველი 15476
003 - საკონტროლო ნომრის იდენტიფიკატორი
საკონტროლო ველი GE_BSU
005 - ბოლო ოპერაციის თარიღი და დრო
საკონტროლო ველი 20241129173030.0
008 - ფიქსირებული სიგრძის მონაცემთა ელემენტები - ზოგადი ინფორმაცია
ფიქსირებული სიგრძის საკონტროლო ველი 181216s2020||||ge |||||||||||||| ||geo||
040 ## - კატალოგიზაციის წყარო
Transcribing agency GE_BSU
041 ## - ენის კოდი
Language code of text/sound track or separate title geo
080 ## - უნივერსალური ათობითი კლასიფიკაციის ინდექსი
Universal Decimal Classification number 343.132(075.8) ფ-32
100 ## - მთავარი ჩანაწერი - პიროვნების სახელი
Personal name ფაფიაშვილი, შოთა
9 (RLIN) 3829
245 ## - ცნობა სათაურის შესახებ
Title შემთხვევის ადგილის დათვალიერება :
Remainder of title [სახელმძღვ. იურიდ. ფაკ-ტის სტუდ.] /
Medium შოთა ფაფიაშვილი, თემურ ინაიშვილი ; [რედ. ; ტარიელ ქათამაძე].
264 ## - წარმოების, გამოცემის, დისტრიბუციის და სხვა ცნობები
გამოცემის, წარმოების, დისტრიბუციის... ადგილი ბათუმი :
გამოცემის, წარმოების, დისტრიბუციის... სახელწოდება შპს ”იურიდიული ლიტერატურა”,
გამოცემის, წარმოების, დისტრიბუციის... თარიღი 2002.
300 ## - ფიზიკური აღწერა
Extent 136 გვ. :
Other physical details სურ. ;
Dimensions 20 სმ.
504 ## - BIBLIOGRAPHY, ETC. NOTE
Bibliography, etc ბიბლიოგრ. : გვ. 133-134
653 ## - INDEX TERM--UNCONTROLLED
Uncontrolled term შემთხვევის ადგილის დათვალიერება
700 ## - ADDED ENTRY--PERSONAL NAME
Personal name ინაიშვილი, შოთა
Relator term ავტორი
9 (RLIN) 23838
700 ## - ADDED ENTRY--PERSONAL NAME
Personal name ქათამაძე, ტარიელ
Relator term რედაქტორი
9 (RLIN) 23839
942 ## - ADDED ENTRY ELEMENTS (KOHA)
Koha item type წიგნი
Source of classification or shelving scheme
ეგზემპლარები
ჩამოწერის სტატუსი დაკარგული ეგზემპლარის სტატუსი კლასიფიკაციის წყარო ან თაროზე გაწყობის სქემა დაზიანების სტატუსი არ გაიცემა მუდმივი მდებარეობა (დაცვის ადგილი) ამჟამინდელი ადგილსამყოფელი თაროზე განთავსების ადგილი შეძენის თარიღი სრული შენახვის შიფრი შტრიხკოდი ბოლო ოპერაციის თარიღი ეგზემპლარის მიმდევრობითი ნომერი (კეტერი?) ფასის ძალაში შესვლის თარიღი ეგზემპლარის სახეობა
          ბათუმის შოთა რუსთაველის სახელმწიფო უნივერსიტეტის მთავარი ბიბლიოთეკა ბათუმის შოთა რუსთაველის სახელმწიფო უნივერსიტეტის მთავარი ბიბლიოთეკა წიგნსაცავი 2018-12-17 343.132(075.8) ფ-32 27490 2018-12-17 27490 2018-12-17 წიგნი
          ბათუმის შოთა რუსთაველის სახელმწიფო უნივერსიტეტის მთავარი ბიბლიოთეკა ბათუმის შოთა რუსთაველის სახელმწიფო უნივერსიტეტის მთავარი ბიბლიოთეკა წიგნსაცავი 2018-12-17 343.132(075.8) ფ-32 27492 2018-12-17 27492 2018-12-17 წიგნი
          ბათუმის შოთა რუსთაველის სახელმწიფო უნივერსიტეტის მთავარი ბიბლიოთეკა ბათუმის შოთა რუსთაველის სახელმწიფო უნივერსიტეტის მთავარი ბიბლიოთეკა წიგნსაცავი 2018-12-17 343.132(075.8) ფ-32 27493 2018-12-17 27493 2018-12-17 წიგნი
          ბათუმის შოთა რუსთაველის სახელმწიფო უნივერსიტეტის მთავარი ბიბლიოთეკა ბათუმის შოთა რუსთაველის სახელმწიფო უნივერსიტეტის მთავარი ბიბლიოთეკა წიგნსაცავი 2018-12-17 343.132(075.8) ფ-32 27494 2018-12-17 27494 2018-12-17 წიგნი